|
|
|
|
| LEADER |
01331nam a2200277 a 4500 |
| 001 |
4904183 |
| 008 |
091221s1991 rh a b 001 0 eng d |
| 010 |
|
|
|a \\\93981052
|
| 020 |
|
|
|a 0797410252
|
| 040 |
|
|
|a DLC
|c DLC
|d DLC
|d BD-DhAAL
|
| 082 |
0 |
0 |
|a 616.89/0082096891
|2 20
|
| 100 |
1 |
|
|a Taylor, Jill.
|
| 245 |
1 |
0 |
|a Sexual and domestic violence :
|b help, recovery, and action in Zimbabwe /
|c by Jill Taylor and Sheelagh Stewart ; illustrated by Colleen Crawford Cousins.
|
| 260 |
|
|
|a Harare, Zimbabwe :
|b A. von Glehn :
|b J. Taylor in collaboration with Women and Law in Southern Africa,
|c 1991.
|
| 300 |
|
|
|a 312 p. :
|b ill. ;
|c 30 cm.
|
| 504 |
|
|
|a Includes bibliographical references (p. 307) and index.
|
| 541 |
1 |
|
|e 00005642
|
| 650 |
|
0 |
|a Sexual abuse victims
|z Zimbabwe.
|
| 650 |
|
0 |
|a Sexual abuse victims
|x Rehabilitation
|z Zimbabwe.
|
| 650 |
|
0 |
|a Rape victims
|x Rehabilitation
|z Zimbabwe.
|
| 650 |
|
0 |
|a Abused wives
|x Rehabilitation
|z Zimbabwe.
|
| 650 |
|
0 |
|a Sexually abused children
|x Rehabilitation
|z Zimbabwe.
|
| 700 |
1 |
|
|a Stewart, Sheelagh.
|
| 852 |
4 |
|
|a Ayesha Abed Library
|j General shelf
|
| 999 |
|
|
|c 6360
|d 6360
|
| 952 |
|
|
|0 0
|1 0
|2 ddc
|4 0
|6 616_890082096891000_TAY_1991
|7 0
|9 6416
|a BRACUL
|b BRACUL
|c GEN
|d 2009-12-23
|g 0.00
|l 1
|o 616.890082096891 TAY
|p 3010005642
|r 2022-09-14
|s 2022-09-08
|t 1
|w 2009-12-23
|y BK
|x No price found in the accession register.
|